| 000 | 00712nam a2200181Ia 4500 | ||
|---|---|---|---|
| 008 | 090123s9999 xx 000 0 und d | ||
| 082 |
_b12737 _a891.463/पाध्ये |
||
| 100 | _aपाध्ये भाऊ | ||
| 245 | _aबॅरिस्टर अनिरुध्द धोपेश्वरकर | ||
| 250 | _a2 | ||
| 260 |
_bइंद्रनिल प्रकाशन _c1979 |
||
| 300 | _a132 | ||
| 600 | _aपाध्ये भाऊ | ||
| 630 | _aबॅरिस्टर अनिरुध्द धोपेश्वरकर | ||
| 700 | _aपाध्ये भाऊ | ||
| 730 | _aबॅरिस्टर अनिरुध्द धोपेश्वरकर | ||
| 942 | _cBOOK | ||
| 999 |
_c50802 _d50802 |
||